Metódy stanovenia hodnoty podniku diplomová práca

Enregistré dans:
Détails bibliographiques
Auteur principal: Španková, Andrea
Collectivité auteur: Ekonomická univerzita v Bratislave. Fakulta podnikového manažmentu
Autres auteurs: Majtán, Štefan
Format: Livre
Langue:slovaque
Publié: Bratislava 2010
Tags: Ajouter un tag
Pas de tags, Soyez le premier à ajouter un tag!

MARC

LEADER 00000nam a2200000 4500
001 0122496
005 20240318122717.8
041 0 |a slo 
044 |a SK 
245 1 0 |a Metódy stanovenia hodnoty podniku  |b diplomová práca  |c Andrea Španková ; škol. Štefan Majtán 
264 1 |a Bratislava  |c 2010 
300 |a 56 s. 
100 1 |a Španková, Andrea 
700 1 |a Majtán, Štefan 
710 2 |a Ekonomická univerzita v Bratislave. Fakulta podnikového manažmentu